| 000 | 00415nam a22001697a 4500 | ||
|---|---|---|---|
| 005 | 20180226164751.0 | ||
| 008 | 160521b xxu||||| |||| 00| 0 eng d | ||
| 020 | _a817188406-7 | ||
| 041 | _aeng | ||
| 082 |
_b4025 _a330.954 |
||
| 100 |
_aUMA KAPILA _9998 |
||
| 245 | _aIndian Economy Since Independence | ||
| 260 |
_aNew Delhi _bAcademic Faundation |
||
| 300 | _a1036 | ||
| 650 |
_aManagement _9241 |
||
| 942 | _cBK | ||
| 999 |
_c1362 _d1362 |
||